Integrácia peňažného trhu eurozóny

Členenie a podmienky fungovania peňažného trhu eurozóny. Trh nezabezpečených obchodov a repo obchodov. Derivátový trh. Hlavné nástroje derivátového trhu. Trh krátkodobých cenných papierov.

Salvato in:
Dettagli Bibliografici
Autore principale: Malacká, Viera
Natura: Capitolo di libro
Lingua:slovacco
Soggetti:
Tags: Aggiungi Tag
Nessun Tag, puoi essere il primo ad aggiungerne!!

MARC

LEADER 00000nla$a2200000$$$4500
001 0148865
005 20240502072658.8
041 0 |a slo 
044 |a SK 
245 1 0 |a Integrácia peňažného trhu eurozóny  |c Viera Malacká 
520 |a Členenie a podmienky fungovania peňažného trhu eurozóny. Trh nezabezpečených obchodov a repo obchodov. Derivátový trh. Hlavné nástroje derivátového trhu. Trh krátkodobých cenných papierov. 
610 2 0 |a trh peňažný 
610 2 0 |a trh peňažný medzinárodný 
610 2 0 |a eurozóna 
610 2 0 |a repo obchody 
610 2 0 |a deriváty 
610 2 0 |a futurity 
610 2 0 |a swap 
610 2 0 |a papiere cenné krátkodobé 
100 1 |a Malacká, Viera